Countries with Removed Consonants - Statistics

General Stats
  • This quiz has been taken 10 times
  • The average score is 6 of 10
Answer Stats
Hint Answer % Correct
uuuay Uruguay
100%
uiea-iau Guinea-Bissau
80%
ou oea South Korea
70%
e eaa New Zealand
60%
eeuea Venezuela
60%
oaiue Mozambique
50%
aui aaia Saudi Arabia
50%
oia a eeoia Bosnia and Herzegovina
40%
aeaia Azerbaijan
30%
ea aia eui Central African Republic
20%
No matching quizzes found
Score Distribution
Percent of People with Each Score
Percentile by Number Answered
Your Score History
You have not taken this quiz